00381nam a2200133Ia 4500008004100000040001900041041001200060082002800072245006200100260002700162300002300189650001400212850002100226131103s9999 xx 000 0 und d aLoreto College aEnglish a370.1/NCTEbLCBED/12820 aSixth all india educational surveyb Selected statistics  aNew DelhibNCERTc1998 a84pb ill.c 26cm. aEducation aLCBED/370.1/NCTE